Juan, Julia y Jericó

Guardat en:
Dades bibliogràfiques
Autor principal: Nöstlinger, Christine (autora)
Format: Llibre
Idioma:espanyol
Publicat: Buenos Aires Alfaguara 1993
Edició:1a. ed
Col·lecció:Infantil Juvenil
Matèries:
Etiquetes: Afegir etiqueta
Sense etiquetes, Sigues el primer a etiquetar aquest registre!

MARC

LEADER 00000nam a2200000 a 4500
001 UCH9389
003 CL-VaPUC
008 100107e19930000AG |||||||||||||||||spa|d
020 |a 8420447560 
082 0 4 |a 833.63  |b NOS  |2 21 
100 |a Nöstlinger, Christine  |e autora  |9 462415 
245 1 0 |a Juan, Julia y Jericó 
250 |a 1a. ed 
300 |a 108 p 
942 |c BK 
945 |d 20100107 00:00:00  |a rbrito 
260 |a Buenos Aires  |b Alfaguara  |c 1993 
650 0 |a Novelas austriacas  |9 269443 
650 0 |a Literatura austríaca   |9 334012 
650 0 |a Literatura infantil   |9 307465 
583 |a last modification  |c 20100107 00:00:00  |k Rodrigo Vera 
490 0 |a Infantil Juvenil 
999 |c 339374  |d 339372